000 00417nam a2200157Ia 4500
003 LK-CoDNM
008 010623t1971 xxu||||| |||| 00| 1 eng d
040 _aLK-CoDNM
_dLK-CoDNM
_eLK-CoDNM
041 _aeng
080 _a301.19 MUL
100 _aMulkey.M.J
245 _aFunctionalism, Exchange And Theoretical Strategy
260 _bRoutledge kegan paul
_aLondon
_c1971
300 _b260p.;22 cm cm
942 _cBK
999 _c108426
_d108426